The penetration of money economy in Japan and its effects upon social and political institutions
محفوظ في:
| المؤلف الرئيسي: | |
|---|---|
| التنسيق: | كتاب |
| اللغة: | Undetermined |
| منشور في: |
New York
AMS Press
1968
|
| الموضوعات: | |
| الوسوم: |
إضافة وسم
لا توجد وسوم, كن أول من يضع وسما على هذه التسجيلة!
|
| Thư viện lưu trữ: | Trung tâm Học liệu Trường Đại học Cần Thơ |
|---|
| LEADER | 00545nam a2200193Ia 4500 | ||
|---|---|---|---|
| 001 | CTU_86376 | ||
| 008 | 210402s9999 xx 000 0 und d | ||
| 082 | |a 332.4 | ||
| 082 | |b T136 | ||
| 100 | |a Takizawa, Matsuyo | ||
| 245 | 4 | |a The penetration of money economy in Japan and its effects upon social and political institutions | |
| 245 | 0 | |c Matsuyo Takizawa | |
| 260 | |a New York | ||
| 260 | |b AMS Press | ||
| 260 | |c 1968 | ||
| 650 | |a Money | ||
| 650 | |z Japan | ||
| 904 | |i Năm | ||
| 980 | |a Trung tâm Học liệu Trường Đại học Cần Thơ | ||